[Event "Tournoi Skype 027B"]
[Site "Skype"]
[Date "????.??.??"]
[Round "2.19"]
[White "Hernandez Lopez, Joaquin"]
[Black "Babar, Ganesh"]
[Result "0-1"]
[WhiteElo "1300"]
[BlackElo "1000"]
[PlyCount "42"]

1. e4 d5 2. exd5 Nf6 3. Bc4 Nxd5 4. Nf3 Bf5 5. O-O Nb6 6. Bb3 a5 7. c3 e6 8. d4
N8d7 9. Nbd2 Be7 10. Re1 a4 11. Bc2 Bxc2 12. Qxc2 O-O 13. Ne4 c5 14. Neg5 g6
15. Bf4 a3 16. b3 Nd5 17. Bd2 cxd4 18. cxd4 Rc8 19. Qe4 N7f6 20. Qd3 Nb4 21.
Rec1 Nxd3 0-1

[Event "Tournoi Skype 027B"]
[Site "Skype"]
[Date "????.??.??"]
[Round "2.20"]
[White "Thavorath, Nirandas"]
[Black "Mhabdi, Mahesh"]
[Result "1-0"]
[WhiteElo "1000"]
[BlackElo "1296"]
[PlyCount "47"]

1. e4 e5 2. Nf3 Nc6 3. Bc4 Bc5 4. O-O Nf6 5. d4 exd4 6. e5 Ng8 7. Ng5 Nxe5 8.
Re1 f6 9. Nf7 Qe7 10. Nxh8 Nh6 11. Bxh6 gxh6 12. Qh5+ Kf8 13. Bf7 Kg7 14. f4
d3+ 15. Kh1 d6 16. fxe5 dxc2 17. Nc3 c6 18. exf6+ Qxf6 19. Re8 Qf4 20. Rg8+ Kf6
21. Ne2 Qe5 22. Qxh6+ Ke7 23. Qf8+ Kf6 24. Bd5# 1-0

[Event "Tournoi Skype 027B"]
[Site "Skype"]
[Date "????.??.??"]
[Round "2.21"]
[White "Moumtaz, Abderrahim"]
[Black "Conde, Ramon"]
[Result "0-1"]
[WhiteElo "1292"]
[BlackElo "1000"]
[PlyCount "166"]

1. d4 Nf6 2. c4 e6 3. Nc3 Bb4 4. Bd2 O-O 5. Nf3 d5 6. a3 Bxc3 7. Bxc3 Nbd7 8.
e3 Ne4 9. Bb4 Re8 10. cxd5 exd5 11. Bd3 b6 12. O-O Bb7 13. Ne1 a5 14. Bd2 Rc8
15. Bc1 c5 16. f3 Nef6 17. dxc5 Rxc5 18. Bd2 Ne5 19. Be2 Nc4 20. Nd3 Rc8 21.
Nf4 Nxb2 22. Qb3 Nc4 23. Bxc4 dxc4 24. Qc3 Nd5 25. Nxd5 Qxd5 26. e4 Qc5+ 27.
Be3 Qc7 28. Rab1 Re6 29. Bd4 Ba6 30. Bxg7 Rg6 31. Be5 Qc5+ 32. Bd4 Qg5 33. g3
b5 34. Be3 Qd8 35. e5 Qd3 36. Rbc1 Qxc3 37. Rxc3 b4 38. axb4 axb4 39. Rcc1 b3
40. Rc3 Rgc6 41. Bc1 Rc5 42. f4 Bb7 43. Ba3 Ra5 44. Bb2 Ra2 45. Rb1 Be4 46. Re1
Bd3 47. Bc1 b2 48. Bxb2 Rxb2 49. g4 Rd8 50. Rd1 Rd4 51. Rxc4 Bxc4 52. Rxd4 Rb1+
53. Kg2 Rb2+ 54. Kg3 Rb3+ 55. Kh4 Rd3 56. Rxd3 Bxd3 57. f5 Kg7 58. Kg5 h6+ 59.
Kf4 f6 60. e6 Bb5 61. h4 h5 62. Ke4 Kh6 63. Kf4 Be2 64. e7 Bb5 65. gxh5 Kxh5
66. Ke4 Kg4 67. Kd5 Kxf5 68. Kd6 Kg6 69. Ke6 f5 70. Ke5 Bd7 71. Kf4 Kf7 72.
e8=Q+ Kxe8 73. Kf3 Kf7 74. Kf4 Kg6 75. Kf3 Kh5 76. Kf4 Kxh4 77. Kf3 Kg5 78. Kg3
f4+ 79. Kf3 Bc6+ 80. Kf2 Kg4 81. Kf1 f3 82. Kg1 Kg3 83. Kf1 Bb5+ 0-1

[Event "Tournoi Skype 027B"]
[Site "Skype"]
[Date "????.??.??"]
[Round "2.22"]
[White "Khatanhar, Mohit"]
[Black "Sharma, Akash"]
[Result "0-1"]
[WhiteElo "1287"]
[BlackElo "1000"]
[PlyCount "40"]

1. e4 c6 2. d3 e6 3. Bd2 d5 4. exd5 exd5 5. d4 Bd6 6. Nf3 Nf6 7. h3 O-O 8. Bd3
Re8+ 9. Be3 Rxe3+ 10. fxe3 Bg3+ 11. Kf1 Qc7 12. Kg1 h6 13. Nc3 Nbd7 14. Ne2 Bd6
15. Kf2 c5 16. dxc5 Bxc5 17. Ned4 a6 18. c3 Ne4+ 19. Ke1 Qg3+ 20. Ke2 Qf2# 0-1

[Event "Tournoi Skype 027B"]
[Site "Skype"]
[Date "????.??.??"]
[Round "2.23"]
[White "Aroucha, Abraao"]
[Black "Torres, Vicky"]
[Result "1-0"]
[WhiteElo "1376"]
[BlackElo "1256"]
[PlyCount "65"]

1. c4 e6 2. Nc3 Nf6 3. e4 e5 4. Nf3 d6 5. Be2 Nc6 6. d4 exd4 7. Nxd4 Nxd4 8.
Qxd4 c5 9. Qd1 Be7 10. O-O O-O 11. Be3 b6 12. Nd5 Nxd5 13. cxd5 f5 14. exf5
Bxf5 15. b3 Bf6 16. Rc1 Qe8 17. Bh5 Bg6 18. Bg4 Bb2 19. Be6+ Kh8 20. Rc4 Be5
21. Bg5 Bf7 22. Rh4 Bxe6 23. dxe6 Qxe6 24. Qd3 Qf5 25. Qe3 Qg6 26. Kh1 Rae8 27.
f4 Bf6 28. Qh3 Bxg5 29. Rg4 Re2 30. Rxg5 Qh6 31. Rh5 Qg6 32. f5 Qf7 33. Rxh7+
1-0

[Event "Tournoi Skype 027B"]
[Site "Skype"]
[Date "????.??.??"]
[Round "2.24"]
[White "Lopez, Marco"]
[Black "Lopes, Marcia Maria"]
[Result "0-1"]
[WhiteElo "1405"]
[BlackElo "1363"]
[PlyCount "58"]

1. e4 c6 2. d4 d5 3. Nc3 dxe4 4. Nxe4 Bf5 5. Bd3 Qxd4 6. Nf3 Qb4+ 7. Nc3 Bxd3
8. Qxd3 Nf6 9. a3 Qb6 10. Be3 Qc7 11. O-O e6 12. Rad1 Nbd7 13. Bg5 Be7 14. Rfe1
O-O-O 15. Qe3 Bc5 16. Qc1 Qb6 17. Be3 Bxe3 18. Rxe3 Ng4 19. Na4 Qb5 20. Re4
Ndf6 21. Rb4 Qh5 22. h3 Rxd1+ 23. Qxd1 Ne5 24. Nb6+ axb6 25. Ra4 Kc7 26. Rh4
Qf5 27. Nxe5 Qxe5 28. Rd4 c5 29. Rd6 Qxd6 0-1

[Event "Tournoi Skype 027B"]
[Site "Skype"]
[Date "????.??.??"]
[Round "2.25"]
[White "Trolese, Caterina"]
[Black "Le Bouill, Pierre"]
[Result "0-1"]
[WhiteElo "1040"]
[BlackElo "1308"]
[PlyCount "60"]

1. e4 d5 2. Nc3 dxe4 3. Nxe4 Nf6 4. Bd3 e6 5. Bb5+ c6 6. Ba4 Nxe4 7. Qe2 Nf6 8.
Nf3 b5 9. Bb3 Bb7 10. Bxe6 fxe6 11. Qxe6+ Qe7 12. Qxe7+ Bxe7 13. O-O O-O 14.
Re1 Bd6 15. d3 Nbd7 16. b3 Bc5 17. d4 Bb4 18. Re2 Rfe8 19. Be3 Ng4 20. h3 Nxe3
21. fxe3 Nf6 22. a3 Bd6 23. a4 a6 24. Rb1 Bf4 25. Rbe1 Bg3 26. Rf1 Rad8 27. c3
bxa4 28. bxa4 a5 29. Rb1 Ba6 30. Rb6 Bxe2 0-1

[Event "Tournoi Skype 027B"]
[Site "Skype"]
[Date "????.??.??"]
[Round "2.26"]
[White "Franca, Diego"]
[Black "Clayton, Estelita"]
[Result "1-0"]
[WhiteElo "1307"]
[BlackElo "1001"]
[PlyCount "37"]

1. d4 d5 2. c4 e6 3. Nc3 h6 4. e3 c6 5. Bd3 Nf6 6. Nge2 Bd6 7. O-O O-O 8. Ng3
Bxg3 9. fxg3 Qc7 10. cxd5 Nxd5 11. Nxd5 cxd5 12. Bd2 e5 13. Rc1 Qe7 14. a3 e4
15. Bb4 Qd8 16. Bxf8 Qxf8 17. Bb5 Bd7 18. Bxd7 Nxd7 19. Rc7 1-0

[Event "Tournoi Skype 027B"]
[Site "Skype"]
[Date "????.??.??"]
[Round "2.27"]
[White "Alverson, Ginny"]
[Black "Erten, Ozlem"]
[Result "0-1"]
[WhiteElo "1016"]
[BlackElo "1288"]
[PlyCount "62"]

1. Nf3 d5 2. d4 Bg4 3. Ne5 Nf6 4. Nxg4 Nxg4 5. e3 Nf6 6. Bb5+ c6 7. Bd3 e6 8.
Nd2 Be7 9. O-O O-O 10. Nf3 Ne4 11. Bxe4 dxe4 12. Ne5 Nd7 13. Nc4 b5 14. Nd2 Nf6
15. c4 a6 16. Qc2 bxc4 17. Nxe4 Qd5 18. Nc3 Qf5 19. Qxf5 exf5 20. h3 Rab8 21.
Re1 Bb4 22. Bd2 Ne4 23. Nxe4 fxe4 24. Bxb4 Rxb4 25. Re2 Rfb8 26. Rb1 Ra4 27. b3
Rab4 28. a3 Rxb3 29. Reb2 Rxb2 30. Rc1 Rb1 31. Rxb1 Rxb1+ 0-1

[Event "Tournoi Skype 027B"]
[Site "Skype"]
[Date "????.??.??"]
[Round "2.28"]
[White "Rosenkoetter, David"]
[Black "Abdulrazzaq, Mohsen"]
[Result "1/2-1/2"]
[WhiteElo "1286"]
[BlackElo "1000"]
[PlyCount "108"]

1. d4 Nf6 2. c4 e6 3. g3 d5 4. Qc2 Nc6 5. Nf3 Bb4+ 6. Bd2 e5 7. Bxb4 Nxb4 8.
Qa4+ Nc6 9. Nxe5 dxc4 10. Nxc6 Qd7 11. Bg2 O-O 12. Qxc4 Rd8 13. Nxd8 Qxd8 14.
Nc3 Be6 15. Qd3 Ng4 16. O-O Qf6 17. h3 Nh6 18. e4 Rd8 19. Ne2 c5 20. e5 Bf5 21.
Qf3 Qb6 22. dxc5 Qxc5 23. Rac1 Qxe5 24. Rfe1 Qxb2 25. Rb1 Bxb1 26. Qxb7 Rb8 27.
Qxa7 Bxa2 28. Kh2 Nf5 29. Qd7 Be6 30. Qc7 Rc8 31. Rd1 g6 32. Rd8+ Kg7 33. Rxc8
Bxc8 34. Nf4 Qxf2 35. Qxc8 Qxg3+ 36. Kg1 Qxf4 37. Qc3+ Kh6 38. Qe1 Nh4 39. Qe4
Nxg2 40. Qxg2 Qg5 41. Qxg5+ Kxg5 42. Kg2 Kh4 43. Kh2 f5 44. Kg2 f4 45. Kf3 Kxh3
46. Kxf4 Kh4 47. Kf3 h5 48. Kg2 Kg4 49. Kh2 h4 50. Kg2 h3+ 51. Kh2 Kh4 52. Kh1
Kg3 53. Kg1 h2+ 54. Kh1 Kh3 1/2-1/2

[Event "Tournoi Skype 027B"]
[Site "Skype"]
[Date "????.??.??"]
[Round "2.29"]
[White "Sanchez, Pedro"]
[Black "Barba Cepeda, Julio Cesar"]
[Result "1-0"]
[WhiteElo "1207"]
[BlackElo "1000"]
[PlyCount "75"]

1. e4 e5 2. d4 exd4 3. Qxd4 Nc6 4. Qd1 d6 5. Nf3 Nf6 6. Nc3 Be7 7. e5 Nxe5 8.
Nxe5 dxe5 9. Bb5+ c6 10. Bd3 O-O 11. O-O Bg4 12. Qe1 Qd6 13. Qe3 b6 14. Ne4
Nxe4 15. Qxe4 g6 16. Qxg4 Rad8 17. Bh6 Rfe8 18. Rae1 Bf6 19. Qf3 c5 20. c4 Re7
21. Re3 Rde8 22. Be4 Re6 23. Qg4 Bg7 24. Rh3 Bxh6 25. Rxh6 Kg7 26. Qh4 Rh8 27.
Bd5 Rf6 28. Qg5 Rf5 29. Rxg6+ Qxg6 30. Qe7 Qh5 31. Be4 Qxh2+ 32. Kxh2 Rf6 33.
Qxe5 h5 34. Rd1 h4 35. Rd6 Rhh6 36. Rd7 Kh8 37. Rxf7 Kg8 38. Qe8# 1-0

[Event "Tournoi Skype 027B"]
[Site "Skype"]
[Date "????.??.??"]
[Round "2.30"]
[White "Abate, Leonardo"]
[Black "Conde, Abigail"]
[Result "1-0"]
[WhiteElo "1000"]
[BlackElo "1196"]
[PlyCount "53"]

1. c4 Nf6 2. Nc3 g6 3. g3 d6 4. Bg2 Bg7 5. e4 e5 6. Nge2 Be6 7. Qb3 b6 8. O-O
c5 9. f4 O-O 10. f5 Bd7 11. Nb5 Bc6 12. d3 Na6 13. a3 Ng4 14. Bh3 Nf6 15. Bg5
Nc7 16. Nec3 Qd7 17. Rae1 a6 18. Nxc7 Qxc7 19. fxg6 hxg6 20. Bxf6 Bh6 21. Nd5
Qb7 22. Ne7+ Kh7 23. Qd1 b5 24. Qh5 bxc4 25. Bf5 Be8 26. g4 gxf5 27. g5 1-0

[Event "Tournoi Skype 027B"]
[Site "Skype"]
[Date "????.??.??"]
[Round "2.31"]
[White "Baker, Abi"]
[Black "Florez Beltran, Leidy Lucila"]
[Result "1-0"]
[WhiteElo "1181"]
[BlackElo "1000"]
[PlyCount "81"]

1. c4 e5 2. Nc3 Nc6 3. e4 Nf6 4. d3 Bc5 5. Be3 Nd4 6. Nge2 d6 7. Nd5 c6 8. Qa4
O-O 9. O-O-O cxd5 10. exd5 e4 11. Bxd4 Bxd4 12. Nxd4 Bd7 13. Qa3 Re8 14. Qxd6
Rc8 15. g3 Bg4 16. Qxd8 Rexd8 17. Rd2 Rxd5 18. h3 Bf3 19. Nxf3 exf3 20. Kd1 Rd4
21. h4 Rcd8 22. b4 Ne4 23. Rc2 b6 24. b5 Nc5 25. a3 Nxd3 26. Bxd3 Rxd3+ 27. Kc1
Rxa3 28. Kb2 Rdd3 29. Re1 Rdb3+ 30. Kc1 Ra1+ 31. Kd2 Rxe1 32. Kxe1 Rb1+ 33. Kd2
Rf1 34. Kc3 g6 35. Kd3 Kg7 36. Ke3 f5 37. Kxf3 Kf6 38. Ra2 g5 39. Rxa7 g4+ 40.
Ke2 h5 41. Kxf1 1-0

[Event "Tournoi Skype 027B"]
[Site "Skype"]
[Date "????.??.??"]
[Round "2.32"]
[White "Gomez Zuluaga, Jorge Adiel"]
[Black "Porcabeuf, Jean-Marc"]
[Result "1-0"]
[WhiteElo "1000"]
[BlackElo "1181"]
[PlyCount "47"]

1. d4 d5 2. Nf3 e6 3. g3 Nf6 4. Bg2 h6 5. h4 Bd6 6. b3 Nbd7 7. Ba3 Bxa3 8. Nxa3
c5 9. e3 Qe7 10. Rb1 cxd4 11. Nb5 dxe3 12. Nc7+ Kf8 13. Nxa8 e5 14. fxe3 Nc5
15. Qd2 Kg8 16. Bh3 Nce4 17. Qa5 Nxg3 18. Bxc8 Nxh1 19. Qxa7 Kh7 20. Bxb7 Qb4+
21. Kd1 Nf2+ 22. Ke2 N2e4 23. Bxd5 Qd2+ 24. Nxd2 1-0

[Event "Tournoi Skype 027B"]
[Site "Skype"]
[Date "????.??.??"]
[Round "2.33"]
[White "Hampton, Irene"]
[Black "Vervoort, Jean-Louis"]
[Result "0-1"]
[WhiteElo "1000"]
[BlackElo "1180"]
[PlyCount "74"]

1. Nf3 Nc6 2. c4 e5 3. d3 Bb4+ 4. Nc3 Bxc3+ 5. bxc3 d6 6. e4 Nf6 7. Bg5 O-O 8.
Qc2 h6 9. Bxf6 Qxf6 10. Be2 Bg4 11. O-O-O a6 12. a3 b5 13. c5 Bxf3 14. Bxf3
dxc5 15. g3 c4 16. Bh5 Qg5+ 17. Qd2 Qxh5 18. f4 f6 19. f5 cxd3 20. h4 a5 21.
Rhg1 Rfb8 22. Rde1 b4 23. Qb2 bxc3 24. Qxc3 Qe8 25. Re3 Nd4 26. Rxd3 Ne2+ 27.
Kc2 Nxc3 28. Rxc3 Qa4+ 29. Kd2 Rb2+ 30. Ke3 Qd4+ 31. Kf3 Qxc3+ 32. Kg4 Rb3 33.
Kh5 Qf3+ 34. g4 Rab8 35. Rc1 Qh3 36. Rxc7 Rg3 37. Kg6 Qxg4# 0-1

[Event "Tournoi Skype 027B"]
[Site "Skype"]
[Date "????.??.??"]
[Round "2.34"]
[White "Hargez, Dany"]
[Black "Maalik, Aakash"]
[Result "1-0"]
[WhiteElo "1177"]
[BlackElo "1000"]
[PlyCount "33"]

1. e4 c5 2. Nf3 d6 3. d4 cxd4 4. Nxd4 Nf6 5. Nc3 g6 6. Bd3 Bg7 7. Bg5 O-O 8.
Qd2 Nc6 9. Nf3 d5 10. e5 d4 11. Ne4 Nxe4 12. Bxe4 f6 13. Bh6 f5 14. Bxg7 Kxg7
15. Bxc6 bxc6 16. Nxd4 Bb7 17. Ne6+ 1-0

[Event "Tournoi Skype 027B"]
[Site "Skype"]
[Date "????.??.??"]
[Round "2.35"]
[White "Hernandez, Enrique"]
[Black "Maccaferri, Massimo"]
[Result "0-1"]
[WhiteElo "1000"]
[BlackElo "1152"]
[PlyCount "60"]

1. e4 e5 2. Nf3 Nc6 3. Nc3 d6 4. Bb5 Bd7 5. Bxc6 bxc6 6. d4 exd4 7. Qxd4 Qe7 8.
Qxg7 Bxg7 9. O-O Qf6 10. Bg5 Qg6 11. Rfe1 h6 12. Bh4 Bh3 13. Bg3 Bg4 14. Nh4
Qg5 15. f4 Qc5+ 16. Bf2 Bd4 17. Bxd4 Qxd4+ 18. Kh1 Qf2 19. h3 Bxh3 20. gxh3
Qxh4 21. e5 O-O-O 22. Rad1 Re8 23. Ne4 dxe5 24. f5 Nf6 25. Nxf6 Qxf6 26. Rf1
Qh4 27. Kh2 Rhg8 28. Rd2 Qg3+ 29. Kh1 Qxh3+ 30. Rh2 Qxf1# 0-1

[Event "Tournoi Skype 027B"]
[Site "Skype"]
[Date "????.??.??"]
[Round "2.36"]
[White "Hernandez, Ivan"]
[Black "Homme, Jim"]
[Result "1-0"]
[WhiteElo "1000"]
[BlackElo "1130"]
[PlyCount "63"]

1. e4 e5 2. Nf3 Nc6 3. Bc4 Nf6 4. d3 Be7 5. O-O O-O 6. Nbd2 d6 7. b3 Bd7 8. Bb2
d5 9. Bxe5 dxc4 10. dxc4 Nxe5 11. Nxe5 Be6 12. Re1 Bd6 13. Nef3 Bc5 14. e5 Nd7
15. c3 Bg4 16. b4 Bb6 17. c5 Nxc5 18. bxc5 Bxc5 19. e6 Kh8 20. e7 Bxe7 21. Qc2
Qd7 22. h3 Bf5 23. Ne5 Qc8 24. Qb3 Be6 25. Ndc4 Bxc4 26. Qxc4 Qe8 27. Qxc7 b6
28. Nd7 Rg8 29. Nxb6 Rb8 30. Rxe7 Qxe7 31. Qxe7 axb6 32. Qxf7 1-0

[Event "Tournoi Skype 027B"]
[Site "Skype"]
[Date "????.??.??"]
[Round "2.37"]
[White "Martinez, Danny"]
[Black "De Fazio, Monica"]
[Result "1-0"]
[WhiteElo "1000"]
[BlackElo "1125"]
[PlyCount "47"]

1. e4 e5 2. Nf3 d6 3. Bc4 Qe7 4. O-O h6 5. Nc3 Nc6 6. d4 Bg4 7. Be3 O-O-O 8.
Qd2 Qd7 9. a3 Be7 10. b4 Be6 11. d5 Nd4 12. Nxd4 exd4 13. Qxd4 Bf6 14. dxe6
fxe6 15. Qd3 Qc6 16. b5 Qe8 17. a4 Ne7 18. Bxe6+ Kb8 19. a5 b6 20. Bd4 c6 21.
axb6 Ka8 22. Rxa7+ Kb8 23. Rfa1 Qg6 24. Ra8+ 1-0

[Event "Tournoi Skype 027B"]
[Site "Skype"]
[Date "????.??.??"]
[Round "2.38"]
[White "Schnell, Nicolas"]
[Black "Marty, Yvette"]
[Result "1-0"]
[WhiteElo "1104"]
[BlackElo "1000"]
[PlyCount "35"]

1. e4 e6 2. e5 Nc6 3. d4 g6 4. Nf3 Bg7 5. Bf4 d6 6. exd6 cxd6 7. d5 Nce7 8.
Bb5+ Bd7 9. Bc4 exd5 10. Bd3 Nf6 11. Bxd6 Nf5 12. Qe2+ Ne7 13. Bc5 Ne4 14. Bxe4
dxe4 15. Qxe4 O-O 16. Ng5 Bc6 17. Qh4 Nf5 18. Qxh7# 1-0

[Event "Tournoi Skype 027B"]
[Site "Skype"]
[Date "????.??.??"]
[Round "2.39"]
[White "Meza, Rafael"]
[Black "Mimouni, Driss"]
[Result "1-0"]
[WhiteElo "1000"]
[BlackElo "1095"]
[PlyCount "59"]

1. c4 e5 2. a3 c6 3. Nc3 Nf6 4. e4 d5 5. cxd5 cxd5 6. exd5 Nxd5 7. Bc4 Nxc3 8.
bxc3 Be6 9. Bxe6 fxe6 10. Qh5+ g6 11. Qxe5 Rg8 12. g3 Nc6 13. Qe2 e5 14. Nf3
Qe7 15. O-O e4 16. Nd4 Nxd4 17. cxd4 O-O-O 18. Qc4+ Qc7 19. Qxg8 Bd6 20. Qe6+
Kb8 21. Qxe4 Be5 22. dxe5 Re8 23. d4 Re7 24. Bf4 g5 25. Bxg5 Qc6 26. Qxc6 bxc6
27. Bxe7 a5 28. e6 Kc8 29. Bd6 Kd8 30. Rfc1 1-0

[Event "Tournoi Skype 027B"]
[Site "Skype"]
[Date "????.??.??"]
[Round "2.40"]
[White "Rivalta, Paolo"]
[Black "More, Sanskruti"]
[Result "1-0"]
[WhiteElo "1095"]
[BlackElo "1000"]
[PlyCount "63"]

1. e4 e5 2. Nf3 Nc6 3. Bb5 a6 4. Ba4 Nf6 5. d3 h6 6. O-O d5 7. Nxe5 Bd7 8. d4
Nxe5 9. Bxd7+ Nexd7 10. e5 Ne4 11. c4 dxc4 12. Re1 Ng5 13. Bf4 c5 14. d5 Qe7
15. Qe2 Qd8 16. h4 g6 17. Nc3 Bg7 18. e6 fxe6 19. dxe6 Nb6 20. e7 Qc8 21. hxg5
hxg5 22. Bxg5 Qc7 23. g3 Qc6 24. f3 Bd4+ 25. Kg2 Nd5 26. Nxd5 Qxd5 27. Rad1
Qxg5 28. Qxc4 Be5 29. Rd8+ Rxd8 30. exd8=Q+ Kxd8 31. Qd5+ Ke7 32. Rxe5+ 1-0

[Event "Tournoi Skype 027B"]
[Site "Skype"]
[Date "????.??.??"]
[Round "2.41"]
[White "Ruiz Aguilera, Juan Jesus"]
[Black "Zequeda, Javier"]
[Result "0-1"]
[WhiteElo "1083"]
[BlackElo "1000"]
[PlyCount "52"]

1. e4 e5 2. Nf3 Nc6 3. Bc4 h6 4. O-O Nf6 5. d3 Be7 6. Nbd2 O-O 7. a3 d5 8. Ba2
Bg4 9. h3 Bh5 10. c3 Bc5 11. b4 Bb6 12. Qc2 a6 13. Bb2 d4 14. cxd4 exd4 15. Nb3
Bxf3 16. gxf3 Nh5 17. Kh2 Qh4 18. Rg1 Qf4+ 19. Kh1 Qxf3+ 20. Rg2 Qxh3+ 21. Rh2
Qf3+ 22. Rg2 Nf4 23. Rag1 Nxg2 24. Rxg2 Qh3+ 25. Kg1 Ne5 26. Rg3 Nf3+ 0-1

[Event "Tournoi Skype 027B"]
[Site "Skype"]
[Date "????.??.??"]
[Round "2.42"]
[White "Rodriguez, Gisselle"]
[Black "Ramirez, Luis Antonio"]
[Result "0-1"]
[WhiteElo "1000"]
[BlackElo "1082"]
[PlyCount "62"]

1. e4 Nf6 2. d3 Nc6 3. Nc3 d6 4. Nf3 g6 5. Be2 Bg7 6. Be3 O-O 7. Rc1 Ng4 8. a4
Nxe3 9. fxe3 e6 10. h4 Bh6 11. Ng5 f6 12. Nxe6 Bxe6 13. Rh3 Bxh3 14. gxh3 Qd7
15. Bg4 Qf7 16. b3 Bxe3 17. Qe2 Bh6 18. Nd5 Rac8 19. h5 Nd4 20. Qh2 Bxc1 21.
Qg2 f5 22. Be2 fxe4 23. dxe4 c6 24. hxg6 hxg6 25. h4 Qh7 26. b4 cxd5 27. exd5
Be3 28. Qxg6+ Qxg6 29. b5 Qg2 30. a5 Rxc2 31. b6 Qxe2# 0-1

[Event "Tournoi Skype 027B"]
[Site "Skype"]
[Date "????.??.??"]
[Round "2.43"]
[White "Montilla Bejarano, Carmen"]
[Black "Rodriguez Tovar, Liliana"]
[Result "1-0"]
[WhiteElo "1077"]
[BlackElo "1000"]
[PlyCount "44"]

1. e4 e5 2. Nf3 Nc6 3. Bc4 Nf6 4. Nc3 d5 5. exd5 Nxd5 6. Nxd5 Be6 7. Ne3 h6 8.
h3 Bc5 9. d3 Nd4 10. Nxe5 O-O 11. Bxe6 fxe6 12. c3 Nc6 13. d4 Qf6 14. O-O Bd6
15. N3g4 Qe7 16. Ng6 Qf7 17. Nxf8 Rxf8 18. Bxh6 e5 19. Qd2 exd4 20. Qg5 Ne5 21.
Bxg7 Re8 22. Nf6+ Qxf6 1-0

[Event "Tournoi Skype 027B"]
[Site "Skype"]
[Date "????.??.??"]
[Round "2.44"]
[White "Schuh, David"]
[Black "Berbedes, Jorgelina"]
[Result "1-0"]
[WhiteElo "1000"]
[BlackElo "1074"]
[PlyCount "47"]

1. d4 d5 2. e3 Nf6 3. Bd3 e6 4. Nf3 Bd6 5. h3 O-O 6. O-O Nbd7 7. b3 b6 8. c4 c6
9. Bb2 Bb7 10. Nbd2 Re8 11. Re1 Ba6 12. Qc2 b5 13. cxd5 cxd5 14. Qc6 Bb4 15.
Qxa6 Bxd2 16. Nxd2 Qb8 17. Bxb5 Rc8 18. Rec1 Rd8 19. Bxd7 Rxd7 20. Rc2 Rd6 21.
Qd3 Qd8 22. Rac1 Qd7 23. Qc3 Rc8 24. Qxc8+ 1-0

[Event "Tournoi Skype 027B"]
[Site "Skype"]
[Date "????.??.??"]
[Round "2.45"]
[White "Yanez, Leticia Jorgelina"]
[Black "Solis Treminio, Jose Antonio"]
[Result "1-0"]
[WhiteElo "1073"]
[BlackElo "1000"]
[PlyCount "21"]

1. e4 e5 2. Bc4 Na6 3. Nf3 g6 4. Nc3 Bg7 5. d4 Nb4 6. Bxf7+ Kxf7 7. Ng5+ Ke8 8.
a3 Na6 9. Qf3 Nh6 10. O-O Ng4 11. Qf7# 1-0

[Event "Tournoi Skype 027B"]
[Site "Skype"]
[Date "????.??.??"]
[Round "2.46"]
[White "Tolaro, Filippa"]
[Black "Barrionuevo, Hilario"]
[Result "1-0"]
[WhiteElo "1000"]
[BlackElo "1058"]
[PlyCount "79"]

1. d4 d5 2. Bf4 a6 3. Nf3 Nc6 4. e3 Bf5 5. c3 e6 6. Nbd2 Nf6 7. h3 h6 8. Be2
Bd6 9. Bh2 O-O 10. O-O Bxh2+ 11. Nxh2 e5 12. Bf3 e4 13. Bg4 Ne7 14. c4 h5 15.
Bxh5 Bg6 16. Bxg6 Nxg6 17. cxd5 Qxd5 18. f3 Nh4 19. fxe4 Qg5 20. Rf2 Rae8 21.
Nhf3 Qg6 22. Nxh4 Qg5 23. Nf5 Rxe4 24. Nxe4 Nxe4 25. Qg4 Re8 26. Qxg5 Nxg5 27.
Rc1 g6 28. Nh6+ Kg7 29. Ng4 c6 30. h4 f5 31. hxg5 fxg4 32. g3 Rxe3 33. Kg2 Re4
34. Rd1 b5 35. d5 Re5 36. dxc6 Rc5 37. Rdf1 Rxc6 38. Rf7+ Kg8 39. Rf8+ Kg7 40.
R1f7# 1-0

[Event "Tournoi Skype 027B"]
[Site "Skype"]
[Date "????.??.??"]
[Round "3.1"]
[White "Cayllahua, Braulio Idme"]
[Black "Pourtahmasbi, Ednun"]
[Result "1-0"]
[WhiteElo "1489"]
[BlackElo "1305"]
[PlyCount "29"]

1. e4 e5 2. Nf3 Nc6 3. Bb5 Nf6 4. O-O Bc5 5. Bxc6 dxc6 6. Nxe5 Nxe4 7. Qf3 Nf6
8. Re1 Be6 9. Nc3 Nd5 10. Ne4 Bd6 11. Nxd6+ cxd6 12. Nxf7 Qf6 13. Qxf6 gxf6 14.
Nxh8 O-O-O 15. Rxe6 1-0

[Event "Tournoi Skype 027B"]
[Site "Skype"]
[Date "????.??.??"]
[Round "3.2"]
[White "Farfallini, Michel"]
[Black "Simone, Vale"]
[Result "1-0"]
[WhiteElo "1304"]
[BlackElo "1453"]
[PlyCount "47"]

1. e4 e5 2. Nf3 Nc6 3. Bb5 d6 4. d4 exd4 5. Nxd4 Bd7 6. O-O Nxd4 7. Bxd7+ Qxd7
8. Qxd4 Ne7 9. Be3 Nc6 10. Qd2 Be7 11. Nc3 Ne5 12. f4 Nc4 13. Qd4 Nxe3 14. Qxe3
b6 15. Rae1 O-O 16. Qg3 c6 17. Nd1 Qe6 18. b3 Rfe8 19. Nf2 Bd8 20. c4 d5 21.
cxd5 cxd5 22. e5 f6 23. exf6 Qf7 24. Rxe8+ 1-0

[Event "Tournoi Skype 027B"]
[Site "Skype"]
[Date "????.??.??"]
[Round "3.3"]
[White "Milanese, Serge"]
[Black "Cayo, Ana Carolina"]
[Result "0-1"]
[WhiteElo "1277"]
[BlackElo "1410"]
[PlyCount "74"]

1. d4 d5 2. Bf4 Nf6 3. e3 Bg4 4. Be2 Bxe2 5. Qxe2 e6 6. Nf3 c6 7. c3 Be7 8. h3
O-O 9. Nbd2 c5 10. h4 Nc6 11. Ne5 Rc8 12. Rc1 cxd4 13. cxd4 Nxe5 14. Rxc8 Nf3+
15. Qxf3 Qxc8 16. O-O Qc2 17. Qd1 Rc8 18. h5 Qxb2 19. Qb1 Qxd2 20. Qxb7 Rc1 21.
Rxc1 Qxc1+ 22. Kh2 Qa3 23. Qc8+ Bf8 24. h6 gxh6 25. Bxh6 Ng4+ 26. Kg3 Nxh6 27.
Kf4 Kg7 28. Qd8 Qxa2 29. Qg5+ Kh8 30. Qf6+ Bg7 31. Qd8+ Ng8 32. Kf3 a5 33. Qe8
a4 34. Qxf7 a3 35. Qxe6 Qb3 36. Qa6 a2 37. Qxa2 Qxa2 0-1

[Event "Tournoi Skype 027B"]
[Site "Skype"]
[Date "????.??.??"]
[Round "3.4"]
[White "Borg, Anthony"]
[Black "Franco, Yolima"]
[Result "0-1"]
[WhiteElo "1236"]
[BlackElo "1408"]
[PlyCount "20"]

1. e4 c5 2. Bc4 Nc6 3. d3 a6 4. Qh5 g6 5. Qxc5 e6 6. h4 Bxc5 7. Be3 Bxe3 8.
fxe3 Qb6 9. Nd2 Qxe3+ 10. Ne2 Nd4 0-1

[Event "Tournoi Skype 027B"]
[Site "Skype"]
[Date "????.??.??"]
[Round "3.5"]
[White "Gokcek, Cagri"]
[Black "Munoz Gonzalez, Martin"]
[Result "0-1"]
[WhiteElo "1202"]
[BlackElo "1393"]
[PlyCount "92"]

1. e4 g6 2. d4 Bg7 3. Nc3 d6 4. Nf3 Nf6 5. Bd3 O-O 6. O-O a6 7. Re1 b5 8. a3
Nbd7 9. Be3 Bb7 10. Nd2 Rc8 11. d5 c6 12. dxc6 Bxc6 13. Nb3 Bb7 14. h3 Ne5 15.
Bd4 Nc6 16. Ne2 e5 17. Be3 Ne7 18. Ng3 Nc6 19. Rc1 Na5 20. c3 Nc4 21. Qc2 Nxe3
22. fxe3 a5 23. Bxb5 Qb6 24. Bd3 Bh6 25. Nf1 Bc6 26. Nbd2 Rb8 27. Nc4 Qc5 28.
Rb1 Bxe4 29. b4 axb4 30. cxb4 Bxd3 31. Qxd3 Qb5 32. e4 Rfc8 33. Nb2 Qb6+ 34.
Kh1 Nh5 35. Ng3 Nf4 36. Qd2 Bg7 37. Na4 Qa7 38. Qd1 Qf2 39. Rg1 Qxg3 40. Qxd6
Rd8 41. Qc7 Rbc8 42. Qb7 Nxh3 43. Rgf1 Nf2+ 44. Kg1 Nh3+ 45. Kh1 Nf4 46. Nc5
Qxg2# 0-1

[Event "Tournoi Skype 027B"]
[Site "Skype"]
[Date "????.??.??"]
[Round "3.6"]
[White "Duthoit, Bernard"]
[Black "Reese, Evan"]
[Result "1-0"]
[WhiteElo "1334"]
[BlackElo "1235"]
[PlyCount "71"]

1. e4 e5 2. Nf3 Nc6 3. Bc4 Nf6 4. d3 Bc5 5. Nc3 O-O 6. O-O d6 7. Re1 Ng4 8. Be3
Ne7 9. Bxc5 dxc5 10. h3 Nf6 11. Nxe5 Be6 12. Bxe6 fxe6 13. f4 Qe8 14. Ng4 Nxg4
15. Qxg4 Ng6 16. Rf1 Rd8 17. f5 exf5 18. Rxf5 Qe7 19. Nd5 Qd6 20. Raf1 Ne5 21.
Rxf8+ Rxf8 22. Rxf8+ Qxf8 23. Qe6+ Nf7 24. Nxc7 Qd8 25. Qe8+ Qxe8 26. Nxe8 Kf8
27. Nc7 a6 28. Nd5 b5 29. Nc7 c4 30. d4 b4 31. Nxa6 c3 32. bxc3 bxc3 33. Nc5
Nd6 34. e5 Nb5 35. a4 Na3 36. Ne4 1-0